000
00245nam a22000977a 4500
008
170125b xxu||||| |||| 00| 0 eng d
041
_a
eng
080
_a
618.2
245
_a
CLINICAL CHEMISTRY AND LABORATORY MEDICINE
_c
GRUYTER, W.D
942
_2
udc
_c
BK
999
_c
3598
_d
3598